000 nam a22 4500
999 _c8875
_d8875
008 180317b ||||| |||| 00| 0 eng d
245 _aCebu firms for ending endo.
260 _aPhilippines
_bManila Bulletin
_cc2016
300 _apage 8.
650 0 _926859
_aEmployment.
942 _2ddc
_cPER